000 01140nam0a22003011 4500
001 rc\2988647
005 20260406191811.0
035 _a(NLR Aleph) 007132860
090 _a6977236
_c6977236
100 _a20110914d1945 u y0rusy50 ca
101 0 _arus
102 _aRU
105 _ay z |||||
200 1 _aАгроуказания по культуре лекарственного мака
210 _aАлма-Ата
_cКазОГИЗ
_d1945
_gгостип. № 3
215 _a47 с.
_d12 см
225 1 _aВ помощь колхознику
300 _aБез обл.
300 _aНа 5-й с.: Упр. агротехники Казнаркомзема
712 0 1 _4570
_aКазССР
_bУправление агротехники и механизации
_3RU\NLR\AUTH\889954078
_9404123
801 0 _aRU
_bNLR
_gpsbo
801 1 _aRU
_bELAR
_2rusmarc
852 _aNLR
_jС50 Г-0/7
942 _cBOOK
945 _aРоссийская национальная библиотека
_aНациональная библиотека Республики Казахстан
980 _aNB
980 _aBV